书目信息 |
| 题名: |
Netscape傻瓜书
|
|
| 作者: | John Dupuy 著 | |
| 分册: | ||
| 出版信息: | 北京 清华大学出版社 |
|
| 页数: | 183页 | |
| 开本: | 16开 | |
| 丛书名: | ||
| 单 册: | ||
| 中图分类: | TP393-49 | |
| 科图分类: | ||
| 主题词: | 计算机应用 | |
| 电子资源: | ||
| ISBN: | 7-302-02283-6 | |
| 000 | 00538nam0 2200193 45 | |
| 001 | 0006180934 | |
| 005 | 20000618093320.3 | |
| 010 | @a7-302-02283-6@d22.00元 | |
| 100 | @a20000618d km y0chiy0120 ea | |
| 101 | 0 | @achi |
| 105 | @a z 000yy | |
| 200 | 1 | @aNetscape傻瓜书@ANetscape Sha Gua Shu@fJohn Dupuy著@FJohn Dupuy Zhu |
| 210 | @a北京@c清华大学出版社 | |
| 215 | @a183页@d16开 | |
| 606 | 0 | @a计算机应用 |
| 690 | @aTP393-49@v3 | |
| 701 | 0 | @aJohn Dupuy@4著 |
| 801 | @aCN@bPftUser@c20000618 | |
| 905 | @b206257-259@dTP393-49@eJ654@f3 | |
| Netscape傻瓜书/John Dupuy著.-北京:清华大学出版社 |
| 183页;16开 |
| ISBN 7-302-02283-6:22.00元 |
| ● |
| 相关链接 |
|
|
|
正题名:Netscape傻瓜书
索取号:TP393-49/J654
 
预约/预借
| 序号 | 登录号 | 条形码 | 馆藏地/架位号 | 状态 | 备注 |
| 1 | 206257 | 202062579 | 期刊室512/301自科库 119排2列4层/ [索取号:TP393-49/J654] | 在馆 | |
| 2 | 206258 | 202062588 | 自科二线404/404自科库 17排6列6层/ [索取号:TP393-49/J654] | 在馆 | |
| 3 | 206259 | 202062597 | 自科二线400A/400A自科库 5排2列5层/ [索取号:TP393-49/J654] | 在馆 |